| 000 | 00339nam a22001457a 4500 | ||
|---|---|---|---|
| 003 | SGT | ||
| 020 | _a9789352134571 | ||
| 082 | _a005.1331,MUL | ||
| 100 | _aMULLER, ANDREAS | ||
| 245 | _aINDRODUCTION TO MACHINE LEARNING WITH PYTHON | ||
| 260 |
_aMUMBAI _bSPD _c2022 |
||
| 300 | _a378 | ||
| 650 | _aCOMPUTER SICENCE | ||
| 942 |
_2ddc _cBK _043 |
||
| 999 |
_c22965 _d22965 |
||